| 000 | 00439nam a2200145 i 4500 | ||
|---|---|---|---|
| 001 | 45121 | ||
| 003 | ES-MaACL | ||
| 007 | t| | ||
| 008 | 030325s1904 sp ||||1| spa d | ||
| 100 | 1 |
_aCodina Sert, Ginés. _939434 |
|
| 245 | 1 | 0 |
_aEscuelas progresivas para obreros _b: (sistema Codina) / _c[Ginés] Codina Sert. |
| 260 |
_aMadrid : _b[s.n., _c1904] ( _fImp. de Ricardo Rojas) |
||
| 300 |
_a2 v. ; _c23 cm. |
||
| 852 |
_aES-MaACL _jG-11858-9 |
||
| 999 |
_c45121 _d45121 |
||